[Event "Gibtelecom Masters 8th"]
[Site "Gibraltar"]
[Date "2010.01.31"]
[Round "6.12"]
[White "Istratescu, Andrei"]
[Black "Vernay, Clovis"]
[Result "1/2-1/2"]
[WhiteElo "2607"]
[BlackElo "2442"]
[PlyCount "82"]
[EventDate "2010.01.26"]
[EventType "swiss"]
[EventRounds "10"]
[EventCountry "GGB"]
[SourceDate "2005.02.07"]

1. e4 e6 2. d4 d5 3. Nd2 dxe4 4. Nxe4 Nd7 5. Nf3 Ngf6 6. Bd3 c5 7. Nxf6+ Nxf6
8. Be3 Nd5 9. Ne5 a6 10. O-O cxd4 11. Bxd4 Nf4 12. Re1 Nxd3 13. Qxd3 Be7 14Rad1 O-O 15. Qg3 Bh4 16. Qc3 Be7 17. Ng4 f6 18. Bxf6 Bxf6 19. Rxd8 Bxc3 20Rxf8+ Kxf8 21. bxc3 Bd7 22. Rb1 b5 23. Ne5 Be8 24. c4 g5 25. h3 Rc8 26. cxb5
axb5 27. Rb2 Ke7 28. Kf1 Kd6 29. Ng4 h5 30. Ne3 Ra8 31. c4 bxc4 32. Nxc4+ Kc5
33. Ne3 Bg6 34. Kg1 Be4 35. f3 Bd5 36. Nxd5 exd5 37. Kf2 Kc4 38. Ke3 Kc3 39Rb3+ Kc4 40. Rb2 Kc3 41. Rb3+ Kc4 1/2-1/2

[Event "Gibtelecom Masters 8th"]
[Site "Gibraltar"]
[Date "2010.01.31"]
[Round "6.13"]
[White "Gopal, Geetha Narayanan"]
[Black "Karavade, Eesha"]
[Result "1-0"]
[WhiteElo "2584"]
[BlackElo "2405"]
[PlyCount "73"]
[EventDate "2010.01.26"]
[EventType "swiss"]
[EventRounds "10"]
[EventCountry "GGB"]
[SourceDate "2005.02.07"]

1. e4 e5 2. Nf3 Nc6 3. Bb5 a6 4. Ba4 Nf6 5. O-O Be7 6. Re1 b5 7. Bb3 d6 8. c3
O-O 9. h3 Na5 10. Bc2 d5 11. exd5 e4 12. Bxe4 Nxe4 13. Rxe4 Bb7 14. d3 Bxd5 15Re1 Qd6 16. Nbd2 f5 17. Ne5 Nc6 18. Ndf3 Nxe5 19. Nxe5 f4 20. c4 Rf5 21. cxd5
Rxe5 22. Bxf4 Rxe1+ 23. Qxe1 Qxf4 24. Qxe7 Rf8 25. Qe3 Qf5 26. Qe6+ Rf7 27Qe8+ Rf8 28. Qe6+ Rf7 29. f3 Qxd3 30. Rc1 Qd4+ 31. Kh1 Qf4 32. Qc8+ Rf8 33Qxc7 Qd4 34. d6 Qxb2 35. d7 Qd2 36. Rc6 a5 37. Re6 1-0

[Event "Gibtelecom Masters 8th"]
[Site "Gibraltar"]
[Date "2010.01.31"]
[Round "6.14"]
[White "Halkias, Stelios"]
[Black "Hirneise, Tobias"]
[Result "1-0"]
[WhiteElo "2566"]
[BlackElo "2421"]
[PlyCount "107"]
[EventDate "2010.01.26"]
[EventType "swiss"]
[EventRounds "10"]
[EventCountry "GGB"]
[SourceDate "2005.02.07"]

1. d4 d5 2. c4 c6 3. Nf3 Nf6 4. e3 Bf5 5. Nc3 e6 6. Nh4 Bg6 7. Be2 dxc4 8. Nxg6
hxg6 9. Bxc4 Nbd7 10. Bd2 Bd6 11. h3 Nb6 12. Be2 e5 13. dxe5 Bxe5 14. Qc2 Qe7
15. O-O Qe6 16. Qb3 Qxb3 17. axb3 O-O-O 18. Rfd1 a6 19. Kf1 Rhe8 20. Be1 Rxd1
21. Rxd1 Nfd7 22. Bc4 Nxc4 23. bxc4 Bc7 24. Ne2 Ne5 25. b3 Rd8 26. Rxd8+ Bxd8
27. Bb4 a5 28. Bc3 f6 29. Nf4 Kd7 30. Bxe5 fxe5 31. Nxg6 Ke6 32. Ke2 b5 33cxb5 cxb5 34. Kd3 Kf5 35. Nf8 Be7 36. e4+ Kf6 37. Nd7+ Ke6 38. Nb6 Bc5 39. Nd5
Bxf2 40. Nc7+ Kd6 41. Nxb5+ Kc5 42. Nc7 Bh4 43. Ne6+ Kb4 44. Kc2 Bf6 45. g3 Kb5
46. Kc3 Kc6 47. Kc4 Kd6 48. Nc5 Kc6 49. Nd3 g6 50. h4 Bg7 51. g4 Bf6 52. h5
gxh5 53. gxh5 Bg7 54. Nf2 1-0

[Event "Gibtelecom Masters 8th"]
[Site "Gibraltar"]
[Date "2010.01.31"]
[Round "6.15"]
[White "Maze, Sebastien"]
[Black "Houska, Jovanka"]
[Result "1-0"]
[WhiteElo "2554"]
[BlackElo "2401"]
[PlyCount "169"]
[EventDate "2010.01.26"]
[EventType "swiss"]
[EventRounds "10"]
[EventCountry "GGB"]
[SourceDate "2005.02.07"]

1. e4 c6 2. d4 d5 3. e5 Bf5 4. Be3 e6 5. Nd2 Nd7 6. Be2 Qb6 7. Nb3 a5 8. a4
Bb4+ 9. c3 Be7 10. Nf3 Bg6 11. h3 f6 12. O-O Qc7 13. c4 Nh6 14. Bf4 O-O 15cxd5 exd5 16. Bxh6 gxh6 17. e6 Nb6 18. Bd3 Kg7 19. Qc2 Qf4 20. Nbd2 Rg8 21. g3
Qd6 22. Nh4 f5 23. Nxf5+ Bxf5 24. Bxf5 Kh8 25. Nf3 Nc4 26. Rae1 Raf8 27. Ne5
Nxe5 28. Rxe5 Qb4 29. Qc3 Qxa4 30. Bc2 Qb5 31. Ra1 Rg7 32. Kg2 Bd6 33. Re3 Bb4
34. Qb3 Qb6 35. Rd1 Qc7 36. Rf3 Rxf3 37. Qxf3 Qe7 38. Qe2 Qf6 39. Qe5 Qe7 40Rd3 Bd6 41. Qe1 Bb4 42. Qe2 Rg6 43. Qe5+ Rf6 44. Rf3 Kg7 45. Bf5 Bd6 46. Qe2
Rf8 47. g4 Qg5 48. Rb3 Qe7 49. Qc2 Kh8 50. Qd2 Qg7 51. Kf1 Ra8 52. Rf3 Rf8 53Rd3 Ra8 54. Qe1 Qf6 55. Rb3 Bb4 56. Qe3 Rf8 57. Rd3 Bd6 58. Rd2 Kg7 59. Re2 Re8
60. Qd3 Re7 61. b3 Bc7 62. Qe3 Qg5 63. Qd3 Qf6 64. Qd1 Qg5 65. Re3 Bd6 66. Qd3
Kg8 67. Re2 Qc1+ 68. Kg2 Qg5 69. Re3 Bf4 70. Rf3 Bd6 71. Qe2 Qg7 72. Qe3 Bc7
73. Qd2 Qg5 74. Qc3 Bb6 75. b4 Qg7 76. bxa5 Bxd4 77. Qb4 Re8 78. a6 bxa6 79Qd6 Qb7 80. Bc2 Qe7 81. Qf4 Bg7 82. Qf7+ Kh8 83. Qf5 Bd4 84. Qd3 Qg7 85. Rf7
1-0

[Event "Gibtelecom Masters 8th"]
[Site "Gibraltar"]
[Date "2010.01.31"]
[Round "6.16"]
[White "Siebrecht, Sebastian"]
[Black "Stefanova, Antoaneta"]
[Result "0-1"]
[WhiteElo "2468"]
[BlackElo "2545"]
[PlyCount "122"]
[EventDate "2010.01.26"]
[EventType "swiss"]
[EventRounds "10"]
[EventCountry "GGB"]
[SourceDate "2005.02.07"]

1. d4 d5 2. c4 c6 3. Nf3 Nf6 4. Nc3 e6 5. Bg5 Be7 6. e3 Nbd7 7. cxd5 Nxd5 8Bxe7 Qxe7 9. Nxd5 exd5 10. Bd3 Nf6 11. Qc2 Ne4 12. Bxe4 dxe4 13. Nd2 f5 14. Qc5
Qxc5 15. dxc5 Be6 16. Nf1 O-O-O 17. Ng3 Rd5 18. Rc1 Rd3 19. b3 Rhd8 20. Ne2 Bf7
21. Nd4 Rd5 22. Rc2 f4 23. O-O g5 24. Re1 a5 25. h3 h5 26. Kh2 Kd7 27. g3 h4
28. g4 Bg6 29. Kg1 Ke7 30. Kf1 Kf6 31. Ne2 Ke5 32. Nd4 Bf7 33. Rc4 Kf6 34. Ne2
fxe3 35. Nc3 Re5 36. Nxe4+ Kg6 37. Rc3 exf2 38. Kxf2 Rxc3 39. Nxc3 Rxc5 40. Re3
b5 41. Rd3 b4 42. Rd6+ Kg7 43. Ne4 Rc2+ 44. Ke3 Bd5 45. Rd7+ Kg6 46. Rd6+ Kf7
47. Nxg5+ Ke7 48. Rh6 Rxa2 49. Rxh4 a4 50. bxa4 b3 51. Rh7+ Kf6 52. h4 Rxa4 53Rb7 Rxg4 54. Nh7+ Ke5 55. Nf8 Rg3+ 56. Kd2 c5 57. Rb6 c4 58. Ng6+ Ke4 59. Rf6
c3+ 60. Ke2 Rg2+ 61. Kf1 Rxg6 0-1

[Event "Gibtelecom Masters 8th"]
[Site "Gibraltar"]
[Date "2010.01.31"]
[Round "6.17"]
[White "Bhat, Vinay S"]
[Black "Benitah, Yohan"]
[Result "1-0"]
[WhiteElo "2540"]
[BlackElo "2390"]
[PlyCount "55"]
[EventDate "2010.01.26"]
[EventType "swiss"]
[EventRounds "10"]
[EventCountry "GGB"]
[SourceDate "2005.02.07"]

1. d4 d5 2. c4 c6 3. Nf3 Nf6 4. Nc3 dxc4 5. a4 Bf5 6. Ne5 Nbd7 7. Nxc4 Qc7 8g3 e5 9. dxe5 Nxe5 10. Bf4 Nfd7 11. Bg2 f6 12. O-O O-O-O 13. Rc1 Nb6 14. Nxb6+
Qxb6 15. Nd5 Qxb2 16. e4 Be6 17. Rc2 Qa3 18. Qd4 Kb8 19. Rxc6 Bxd5 20. exd5 Bd6
21. Be3 Nxc6 22. dxc6 b6 23. c7+ Bxc7 24. Qe4 Kc8 25. Qb7+ Kd7 26. Qc6+ Kc8 27Bf4 Qc5 28. Bh3+ 1-0

[Event "Gibtelecom Masters 8th"]
[Site "Gibraltar"]
[Date "2010.01.31"]
[Round "6.18"]
[White "Cramling, Pia"]
[Black "Camus de Solliers, Guillau"]
[Result "1-0"]
[WhiteElo "2528"]
[BlackElo "2356"]
[PlyCount "137"]
[EventDate "2010.01.26"]
[EventType "swiss"]
[EventRounds "10"]
[EventCountry "GGB"]
[SourceDate "2005.02.07"]

1. Nf3 Nf6 2. c4 e6 3. g3 b6 4. Bg2 Bb7 5. O-O Be7 6. Nc3 c5 7. Re1 d5 8. cxd5
Nxd5 9. Qc2 Nc6 10. b3 Rc8 11. Qb1 Bf6 12. Bb2 Nxc3 13. dxc3 O-O 14. Qc2 Qc7
15. Nd2 Rfd8 16. Rad1 Rd7 17. Ne4 Be7 18. Rxd7 Qxd7 19. Rd1 Qc7 20. c4 Rd8 21Rxd8+ Qxd8 22. Qd2 Qxd2 23. Nxd2 Nd8 24. Bxb7 Nxb7 25. f4 Na5 26. Kf2 Nc6 27Bc3 f6 28. Ke3 Kf7 29. Kd3 h5 30. h3 f5 31. Nf3 Bf6 32. a3 Bxc3 33. Kxc3 Kf6
34. b4 e5 35. b5 e4 36. bxc6 exf3 37. c7 f2 38. c8=Q f1=Q 39. Qd8+ Ke6 40. Qe8+
Kd6 41. Qg6+ Kc7 42. Qxg7+ Kb8 43. Qe5+ Kb7 44. Qxf5 Qe1+ 45. Kb3 Qxe2 46. Qd7+
Ka6 47. Qb5+ Kb7 48. Qd7+ Ka6 49. g4 Qf1 50. Qb5+ Kb7 51. Qd7+ Ka6 52. Qb5+ Kb7
53. gxh5 Qxh3+ 54. Ka2 Qh2+ 55. Qb2 Qxf4 56. Qe2 Ka6 57. Kb3 Qc1 58. Qd3 Kb7
59. Ka4 Qf4 60. Qd7+ Kb8 61. Kb5 Qe3 62. Qd8+ Kb7 63. Qd5+ Kb8 64. Kc6 Qe8+ 65Kd6 Qf8+ 66. Ke5 Qg7+ 67. Kf5 Qh7+ 68. Kf4 Qc2 69. Qe5+ 1-0

[Event "Gibtelecom Masters 8th"]
[Site "Gibraltar"]
[Date "2010.01.31"]
[Round "6.19"]
[White "Degtiarev, Evgeny"]
[Black "Naumann, Alexander"]
[Result "0-1"]
[WhiteElo "2374"]
[BlackElo "2525"]
[PlyCount "112"]
[EventDate "2010.01.26"]
[EventType "swiss"]
[EventRounds "10"]
[EventCountry "GGB"]
[SourceDate "2005.02.07"]

1. d4 d5 2. Nf3 Nf6 3. c4 e6 4. Nc3 dxc4 5. e4 Bb4 6. Bg5 c5 7. Bxc4 cxd4 8Nxd4 Bxc3+ 9. bxc3 Qa5 10. Bb5+ Nbd7 11. Bxf6 Qxc3+ 12. Kf1 gxf6 13. h4 a6 14Rh3 Qb4 15. Be2 Ne5 16. Rc1 Qd6 17. Qd2 Bd7 18. Kg1 Rd8 19. Qb2 Ba4 20. Nf3 Bc6
21. Nxe5 Qxe5 22. Qxe5 fxe5 23. Bxa6 Bxe4 24. Bb5+ Ke7 25. Re3 Rd4 26. Rc7+ Kf6
27. Be2 Bd5 28. Bf3 e4 29. Bh5 Rf8 30. g4 h6 31. a3 Bc6 32. Rg3 Rd7 33. Rxd7
Bxd7 34. g5+ hxg5 35. hxg5+ Kg7 36. Be2 Kg6 37. f3 Bc6 38. fxe4 Bxe4 39. Kf2
Ra8 40. Re3 Bd5 41. Rg3 Be4 42. Re3 Bc6 43. Rg3 Kg7 44. Bh5 Ra4 45. Rh3 Rc4 46Rg3 Rh4 47. Be2 Kg6 48. Bd3+ Be4 49. Be2 Bf5 50. Kg2 Rf4 51. Kg1 Be4 52. Bg4 e5
53. Be2 Rf5 54. Bc4 Rf3 55. Rxf3 Bxf3 56. Kf2 Bh5 0-1

[Event "Gibtelecom Masters 8th"]
[Site "Gibraltar"]
[Date "2010.01.31"]
[Round "6.20"]
[White "Kosteniuk, Alexandra"]
[Black "Saravanan, Venkat"]
[Result "1/2-1/2"]
[WhiteElo "2523"]
[BlackElo "2356"]
[PlyCount "116"]
[EventDate "2010.01.26"]
[EventType "swiss"]
[EventRounds "10"]
[EventCountry "GGB"]
[SourceDate "2005.02.07"]

1. e4 e5 2. Nf3 Nc6 3. Bb5 a6 4. Ba4 Nf6 5. O-O Bc5 6. c3 b5 7. Bb3 d6 8. d4
Bb6 9. a4 Bg4 10. h3 Bh5 11. Qd3 exd4 12. axb5 axb5 13. Rxa8 Qxa8 14. Bg5 Bxf3
15. Qxf3 Ne5 16. Qf5 O-O 17. Bxf6 gxf6 18. Rd1 Qa1 19. cxd4 Bxd4 20. Nc3 Qxb2
21. Nd5 Ng6 22. Nxc7 Bb6 23. Nd5 Qxb3 24. Nxf6+ Kh8 25. Rxd6 Bd8 26. Nd5 Qb2
27. Ne3 Be7 28. Rd7 b4 29. Ng4 Kg7 30. g3 Rd8 31. Rb7 Qc1+ 32. Kg2 Qc6 33. Ra7
Qe6 34. h4 Re8 35. h5 Nf8 36. Qf4 h6 37. Ne5 Kg8 38. Rb7 Bd6 39. Qxf7+ Qxf7 40Nxf7 Bc5 41. Nxh6+ Kh8 42. e5 Re6 43. Nf7+ Kg8 44. f4 Re7 45. Nh6+ Kh7 46. Rb5
Kxh6 47. Rxc5 Rb7 48. Rc1 Kxh5 49. Kf3 b3 50. g4+ Kg6 51. f5+ Kf7 52. Ke4 b2
53. Rb1 Nh7 54. Kd3 Rb5 55. e6+ Kf6 56. Kc3 Ng5 57. Rxb2 Rxb2 58. Kxb2 Nxe6
1/2-1/2

[Event "Gibtelecom Masters 8th"]
[Site "Gibraltar"]
[Date "2010.01.31"]
[Round "6.21"]
[White "Peek, Marcel"]
[Black "Bindrich, Falko"]
[Result "1/2-1/2"]
[WhiteElo "2342"]
[BlackElo "2512"]
[PlyCount "32"]
[EventDate "2010.01.26"]
[EventType "swiss"]
[EventRounds "10"]
[EventCountry "GGB"]
[SourceDate "2005.02.07"]

1. d4 Nf6 2. c4 e6 3. Nf3 d5 4. Nc3 dxc4 5. e4 Bb4 6. Bxc4 Nxe4 7. O-O Nxc3 8bxc3 Bd6 9. Ng5 h6 10. Qh5 O-O 11. Ne4 f5 12. Nxd6 cxd6 13. Bxh6 gxh6 14. Qg6+
Kh8 15. Qxh6+ Kg8 16. Qg6+ Kh8 1/2-1/2

[Event "Gibtelecom Masters 8th"]
[Site "Gibraltar"]
[Date "2010.01.31"]
[Round "6.22"]
[White "Zozulia, Anna"]
[Black "Hoffmann, Michael"]
[Result "0-1"]
[WhiteElo "2321"]
[BlackElo "2508"]
[PlyCount "82"]
[EventDate "2010.01.26"]
[EventType "swiss"]
[EventRounds "10"]
[EventCountry "GGB"]
[SourceDate "2005.02.07"]

1. e4 c5 2. Nf3 e6 3. d4 cxd4 4. Nxd4 a6 5. Nc3 Qc7 6. Bd3 Nf6 7. O-O Bc5 8Nb3 Be7 9. f4 d6 10. a4 Nc6 11. Kh1 b6 12. Bd2 Bb7 13. Qe2 O-O 14. Rae1 Nb4 15Nd4 Rad8 16. Qf2 Qc5 17. h3 d5 18. e5 Ne4 19. Nxe4 dxe4 20. Bxb4 Qxb4 21. Bxe4
Bxe4 22. Rxe4 Qxb2 23. f5 Bc5 24. f6 Bxd4 25. Qg3 g6 26. Qf4 Bxe5 27. Rxe5 Kh8
28. Re4 g5 29. Qxg5 Rg8 30. Qh5 Qxc2 31. Re2 Qd3 32. Rfe1 Rg6 33. Rf2 Qd4 34Qf3 h6 35. Rc1 Rg5 36. Qe2 Qxa4 37. Rc7 Kg8 38. Kh2 Qd4 39. Rb7 b5 40. Rf3 Qd6+
41. Kh1 a5 0-1

[Event "Gibtelecom Masters 8th"]
[Site "Gibraltar"]
[Date "2010.01.31"]
[Round "6.23"]
[White "Javakhishvili, Lela"]
[Black "Dittmar, Peter"]
[Result "1-0"]
[WhiteElo "2493"]
[BlackElo "2341"]
[PlyCount "67"]
[EventDate "2010.01.26"]
[EventType "swiss"]
[EventRounds "10"]
[EventCountry "GGB"]
[SourceDate "2005.02.07"]

1. d4 d5 2. c4 e6 3. Nc3 c5 4. cxd5 exd5 5. Nf3 Nc6 6. g3 Nf6 7. Bg2 Be7 8. O-Be6 9. dxc5 Bxc5 10. Bg5 d4 11. Bxf6 Qxf6 12. Ne4 Qe7 13. Nxc5 Qxc5 14. Rc1 Qb6
15. Ng5 Bd7 16. Qd3 h6 17. Qe4+ Kf8 18. Nf3 Rd8 19. b3 h5 20. Rfd1 Be6 21. Rd2
Rh6 22. Rcd1 Bd5 23. Qh4 f6 24. Qf4 Kg8 25. Nxd4 Bxg2 26. Kxg2 h4 27. Nf5 h3+
28. Kg1 Rh5 29. Qc4+ Kh7 30. Qg4 Rg5 31. Qxh3+ Kg8 32. Ne7+ Kf7 33. Rxd8 Nxd8
34. Qd7 1-0

[Event "Gibtelecom Masters 8th"]
[Site "Gibraltar"]
[Date "2010.01.31"]
[Round "6.24"]
[White "Cori Tello, Jorge"]
[Black "Wantiez, Fabrice"]
[Result "1-0"]
[WhiteElo "2483"]
[BlackElo "2315"]
[PlyCount "93"]
[EventDate "2010.01.26"]
[EventType "swiss"]
[EventRounds "10"]
[EventCountry "GGB"]
[SourceDate "2005.02.07"]

1. e4 e5 2. Nf3 Nc6 3. Bb5 a6 4. Ba4 Nf6 5. O-O Be7 6. Re1 b5 7. Bb3 d6 8. c3
O-O 9. d3 Na5 10. Bc2 c5 11. Nbd2 Re8 12. Nf1 h6 13. Ng3 Bf8 14. d4 Qc7 15. h3
cxd4 16. cxd4 exd4 17. Bf4 Nc4 18. b3 Na3 19. Bd3 Qb6 20. Qd2 Bb7 21. Qb2 d5
22. e5 Nd7 23. Nxd4 Nc5 24. Rad1 b4 25. Ngf5 a5 26. Re3 Ba6 27. Bxa6 Rxa6 28Rg3 Kh7 29. e6 fxe6 30. Nxg7 Re7 31. Nh5 Ne4 32. Be5 Rf7 33. Rf3 Raa7 34. Qe2
Bd6 35. Bxd6 Qxd6 36. Rxf7+ Rxf7 37. f3 Nc5 38. Re1 Kg6 39. g4 a4 40. bxa4 Qb6
41. Kg2 Ne4 42. Qd3 e5 43. Rxe4 dxe4 44. Qxe4+ Kg5 45. Qxe5+ Kh4 46. Qe1+ Kg5
47. h4+ 1-0

[Event "Gibtelecom Masters 8th"]
[Site "Gibraltar"]
[Date "2010.01.31"]
[Round "6.25"]
[White "Tozer, Philip"]
[Black "Harika, Dronavalli"]
[Result "0-1"]
[WhiteElo "2119"]
[BlackElo "2471"]
[PlyCount "104"]
[EventDate "2010.01.26"]
[EventType "swiss"]
[EventRounds "10"]
[EventCountry "GGB"]
[SourceDate "2005.02.07"]

1. c4 Nf6 2. g3 g6 3. Bg2 Bg7 4. Nc3 O-O 5. d3 d6 6. e4 c5 7. Nge2 Nc6 8. O-a6 9. h3 Rb8 10. Be3 Bd7 11. Qd2 b5 12. Rad1 bxc4 13. dxc4 Ne5 14. b3 Bxh3 15Bh6 Qc8 16. Bxg7 Kxg7 17. Nf4 Bd7 18. Ncd5 Ng8 19. Qc3 f6 20. Ne2 Nc6 21. Ne3
Qc7 22. f4 e5 23. Nd5 Qc8 24. Rf2 Nd4 25. Nxd4 exd4 26. Qd3 Be6 27. Re1 Re8 28Rfe2 Qd7 29. Bf3 a5 30. a3 Bxd5 31. cxd5 Nh6 32. Kg2 Nf7 33. Rb1 h5 34. Reb2
Qb5 35. Qd2 Qb6 36. Qd3 Rec8 37. Qc4 Rc7 38. Be2 Re7 39. Bd3 Rc7 40. Qc2 Nh6
41. e5 dxe5 42. Bxg6 exf4 43. Bxh5 f5 44. gxf4 Kh8 45. Rh1 c4 46. Be2 d3 47Bxd3 cxd3 48. Qxd3 Rg8+ 49. Kf3 Qg6 50. Qd4+ Kh7 51. Rbh2 Qg3+ 52. Ke2 Rc2+ 0-1

[Event "Gibtelecom Masters 8th"]
[Site "Gibraltar"]
[Date "2010.01.31"]
[Round "6.26"]
[White "Duhayon, Yves"]
[Black "Lopez Martinez, Josep Manu"]
[Result "0-1"]
[WhiteElo "2241"]
[BlackElo "2593"]
[PlyCount "70"]
[EventDate "2010.01.26"]
[EventType "swiss"]
[EventRounds "10"]
[EventCountry "GGB"]
[SourceDate "2005.02.07"]

1. d4 Nf6 2. c4 g6 3. Nc3 Bg7 4. e4 d6 5. Nf3 O-O 6. Be2 e5 7. d5 a5 8. Bg5 h6
9. Bh4 Qe8 10. Nd2 Nh7 11. a3 a4 12. Nb5 Qd7 13. f3 f5 14. Bf2 b6 15. Bd3 Nf6
16. Bc2 Nh5 17. g3 Nf6 18. h3 Qf7 19. Nc3 fxe4 20. Ncxe4 Nxe4 21. Bxe4 Bf5 22Qe2 Nd7 23. g4 Bxe4 24. fxe4 Qe7 25. O-O-O Rf4 26. Be3 Nc5 27. Kb1 Rb8 28. Rhe1
Qd7 29. Bxf4 exf4 30. Nf3 b5 31. e5 b4 32. Ka2 bxa3 33. bxa3 dxe5 34. Nxe5 Qd6
35. Nd3 f3 0-1

[Event "Gibtelecom Masters 8th"]
[Site "Gibraltar"]
[Date "2010.01.31"]
[Round "6.27"]
[White "Lemos, Damian"]
[Black "Hartvig, Ove Weiss"]
[Result "1-0"]
[WhiteElo "2556"]
[BlackElo "2245"]
[PlyCount "65"]
[EventDate "2010.01.26"]
[EventType "swiss"]
[EventRounds "10"]
[EventCountry "GGB"]
[SourceDate "2005.02.07"]

1. d4 Nf6 2. c4 c5 3. d5 b5 4. cxb5 a6 5. bxa6 g6 6. Nc3 Bxa6 7. Nf3 d6 8. g3
Bg7 9. Bg2 Nbd7 10. Rb1 Qa5 11. Bd2 Nb6 12. b3 Qa3 13. O-O O-O 14. Ne1 Bb7 15Nc2 Qa7 16. e4 Ba6 17. Re1 Nfd7 18. Bf1 Ne5 19. a4 Bxf1 20. Rxf1 c4 21. Be3 Qc7
22. Nb5 Qd8 23. f4 cxb3 24. fxe5 bxc2 25. Qxc2 Rc8 26. Qb3 Nc4 27. Na7 Nxe3 28Qxe3 Rc2 29. Nc6 Qd7 30. e6 fxe6 31. Rxf8+ Bxf8 32. Rb8 Kg7 33. Qf4 1-0

[Event "Gibtelecom Masters 8th"]
[Site "Gibraltar"]
[Date "2010.01.31"]
[Round "6.28"]
[White "Kapnisis, Spyridon"]
[Black "Marchand, Francois"]
[Result "1-0"]
[WhiteElo "2510"]
[BlackElo "2244"]
[PlyCount "57"]
[EventDate "2010.01.26"]
[EventType "swiss"]
[EventRounds "10"]
[EventCountry "GGB"]
[SourceDate "2005.02.07"]

1. e4 c6 2. d4 d5 3. f3 g6 4. Nc3 Bg7 5. Be3 Qb6 6. Qd2 Qxb2 7. Rb1 Qa3 8. Bd3
Nd7 9. Nge2 e5 10. f4 exf4 11. Bxf4 Ne7 12. O-O O-O 13. Rb3 Qa5 14. Nxd5 Qd8
15. Bc7 Qe8 16. Nxe7+ Qxe7 17. Qf4 Qe6 18. Bd6 Re8 19. e5 Nb6 20. Qf2 Rd8 21Ng3 Qe8 22. Ne4 Be6 23. Rbb1 Bf5 24. Nc5 Bxd3 25. cxd3 Rdc8 26. a4 Bf8 27. a5
Bxd6 28. exd6 Nd7 29. Rbe1 1-0

[Event "Gibtelecom Masters 8th"]
[Site "Gibraltar"]
[Date "2010.01.31"]
[Round "6.29"]
[White "Shankland, Samuel L"]
[Black "Chapman, Terry P D"]
[Result "1-0"]
[WhiteElo "2491"]
[BlackElo "2221"]
[PlyCount "75"]
[EventDate "2010.01.26"]
[EventType "swiss"]
[EventRounds "10"]
[EventCountry "GGB"]
[SourceDate "2005.02.07"]

1. d4 Nf6 2. c4 c5 3. d5 b5 4. cxb5 a6 5. bxa6 g6 6. Nc3 Bxa6 7. e4 Bxf1 8Kxf1 d6 9. Nge2 Bg7 10. h3 O-O 11. Kg1 Nbd7 12. Kh2 Qa5 13. Qc2 Nb6 14. Rd1
Rfb8 15. Rb1 Nc4 16. a4 Qb4 17. b3 Na3 18. Bxa3 Qxa3 19. f3 Nd7 20. Nb5 Qb4 21Nc1 Rc8 22. Nd3 Qa5 23. Na3 Nb6 24. Nc4 Nxc4 25. Qxc4 Qa6 26. Rdc1 Qxc4 27Rxc4 Rcb8 28. b4 Rxa4 29. bxc5 Rxb1 30. Rxa4 Rb3 31. Ra8+ Bf8 32. c6 Rxd3 33c7 Rc3 34. c8=Q Rxc8 35. Rxc8 f5 36. exf5 gxf5 37. Kg3 Kf7 38. Kf4 1-0

[Event "Gibtelecom Masters 8th"]
[Site "Gibraltar"]
[Date "2010.01.31"]
[Round "6.30"]
[White "Cmilyte, Viktorija"]
[Black "Tate, Alan"]
[Result "0-1"]
[WhiteElo "2489"]
[BlackElo "2211"]
[PlyCount "104"]
[EventDate "2010.01.26"]
[EventType "swiss"]
[EventRounds "10"]
[EventCountry "GGB"]
[SourceDate "2005.02.07"]

1. d4 Nf6 2. c4 c5 3. Nf3 cxd4 4. Nxd4 e5 5. Nb5 d5 6. cxd5 Bc5 7. N5c3 O-O 8h3 e4 9. g4 Qe7 10. e3 Ne8 11. Bg2 Nd6 12. Nd2 f5 13. Nb3 Na6 14. Qe2 Bd7 15Bd2 Rac8 16. a3 b5 17. gxf5 Rxf5 18. Nd4 Rg5 19. Bf1 Nc4 20. Ne6 Bxe6 21. dxe6
Rd8 22. Nxe4 Re5 23. Bg2 Rxd2 24. Nxd2 Nxe3 25. Be4 Qh4 26. Rc1 Rxe4 27. Nxe4
Qxe4 28. Rg1 Ng2+ 29. Rxg2 Qxg2 30. b4 Qg1+ 31. Qf1 Qg5 32. Rc2 Nxb4 33. Rd2
Nc6 34. Qd3 Qg1+ 35. Qf1 Qxf1+ 36. Kxf1 Bxa3 37. Ra2 Bb4 38. Rc2 Ne7 39. Rc7 a5
40. Rb7 g6 41. Rxb5 Kg7 42. Ke2 Kf6 43. Rb6 h5 44. h4 Kf5 45. Kf3 Nd5 46. Ra6
Ke5 47. Kg3 Ne7 48. f4+ Kd5 49. Rb6 Ke4 50. Rb5 Nf5+ 51. Kh3 Kxf4 52. Kh2 Kg4
0-1

[Event "Gibtelecom Masters 8th"]
[Site "Gibraltar"]
[Date "2010.01.31"]
[Round "6.31"]
[White "Al-Tamimi, Hamad"]
[Black "Carlsson, Pontus"]
[Result "0-1"]
[WhiteElo "2238"]
[BlackElo "2476"]
[PlyCount "64"]
[EventDate "2010.01.26"]
[EventType "swiss"]
[EventRounds "10"]
[EventCountry "GGB"]
[SourceDate "2005.02.07"]

1. e4 c5 2. Nf3 d6 3. Bb5+ Nd7 4. d4 cxd4 5. Qxd4 a6 6. Bc4 Ngf6 7. Nc3 e6 8Bg5 Be7 9. a4 O-O 10. O-O Qc7 11. a5 b5 12. axb6 Nxb6 13. Be2 h6 14. Bh4 Bb7
15. e5 dxe5 16. Qxe5 Bd6 17. Qa5 Nfd7 18. Bg3 e5 19. Na4 Rfe8 20. Rfd1 Qc6 21Nxb6 Nxb6 22. c3 Nd5 23. Nxe5 Bxe5 24. Bf3 Bxg3 25. Bxd5 Bxf2+ 26. Kxf2 Qf6+
27. Kg1 Re5 28. c4 Bxd5 29. Rxd5 Re2 30. Rf1 Qg6 31. Rd8+ Kh7 32. g3 Qc2 0-1

[Event "Gibtelecom Masters 8th"]
[Site "Gibraltar"]
[Date "2010.01.31"]
[Round "6.32"]
[White "Boskovic, Drasko"]
[Black "Kawuma, Steven Male"]
[Result "1-0"]
[WhiteElo "2454"]
[BlackElo "2187"]
[PlyCount "93"]
[EventDate "2010.01.26"]
[EventType "swiss"]
[EventRounds "10"]
[EventCountry "GGB"]
[SourceDate "2005.02.07"]

1. e4 c5 2. Nf3 Nc6 3. d4 cxd4 4. Nxd4 Nf6 5. Nc3 e5 6. Ndb5 d6 7. a4 a6 8. Na3
Be6 9. Bc4 Be7 10. Bg5 O-O 11. Bxf6 Bxf6 12. Nd5 Rc8 13. O-O Bg5 14. c3 g6 15Qe2 Kh8 16. Rad1 Bh6 17. h3 f5 18. Nb6 Qxb6 19. Bxe6 Rcd8 20. exf5 Rf6 21. Nc4
Qc7 22. Ne3 Bxe3 23. fxe3 Qa5 24. g4 gxf5 25. Bxf5 Qc7 26. g5 Rff8 27. e4 Qg7
28. h4 Ne7 29. c4 Nc6 30. Qg4 Nd4 31. Rd3 Rde8 32. Rg3 Rd8 33. Kh2 Rde8 34. Rf2
Rd8 35. Rfg2 b6 36. Kh1 a5 37. Qh3 Nc6 38. h5 Ne7 39. Kh2 Rb8 40. Bxh7 Kxh7 41g6+ Kh6 42. Qg4 Qf6 43. Rf3 Qxf3 44. Qg5+ Kg7 45. Qxe7+ Rf7 46. gxf7+ Kh8 47Qe8+ 1-0

[Event "Gibtelecom Masters 8th"]
[Site "Gibraltar"]
[Date "2010.01.31"]
[Round "6.33"]
[White "Bellon Lopez, Juan Manuel"]
[Black "Tjolsen, Katrine"]
[Result "1-0"]
[WhiteElo "2440"]
[BlackElo "2212"]
[PlyCount "115"]
[EventDate "2010.01.26"]
[EventType "swiss"]
[EventRounds "10"]
[EventCountry "GGB"]
[SourceDate "2005.02.07"]

1. d4 Nf6 2. Bg5 c5 3. Bxf6 exf6 4. Nc3 d5 5. e3 Be6 6. Nge2 Nc6 7. g3 cxd4 8Nxd4 Bc5 9. a3 Bxd4 10. exd4 Qb6 11. Na4 Qa5+ 12. c3 O-O 13. b4 Qd8 14. Bg2 Rc8
15. O-O Ne7 16. Re1 b6 17. Rc1 Nf5 18. Nb2 Nd6 19. Nd3 Nc4 20. Nf4 Rc6 21. Qa4
Qd6 22. Re2 g5 23. Nxe6 fxe6 24. Rce1 Re8 25. b5 Rc7 26. Qb4 Kf7 27. Bf3 Ree7
28. Bh5+ Kg7 29. a4 Qxb4 30. cxb4 e5 31. dxe5 fxe5 32. Rd1 d4 33. Bf3 Nd6 34Bc6 g4 35. h3 h5 36. hxg4 hxg4 37. Kg2 Kf6 38. Ree1 Rh7 39. Rc1 e4 40. Rcd1 Ke5
41. Re2 Rhe7 42. Rde1 Rxc6 43. bxc6 d3 44. Rd2 Kd5 45. b5 Rf7 46. Rc1 Nc4 47Rdd1 Rc7 48. Kf1 Ne5 49. Kg2 Kd4 50. Ra1 Nc4 51. Rh1 d2 52. Kf1 Kd3 53. Rh8 e3
54. Rd8+ Kc2 55. fxe3 Re7 56. Kg1 Ne5 57. e4 Kb2 58. Rf1 1-0